Memorias del segundo encuentro Iberoamericano de derecho aduanero: la cooperación para el desarrollo, la integración económica y la seguridad internacional

Gardado en:
Detalles Bibliográficos
Autor Corporativo: Instituto Interamericano de Fronteras y Aduanas (Author)
Formato: Libro
Idioma:Lingua castelá
Publicado: Montevideo IIFA 2007
Edición:1a. ed
Subjects:
Tags: Engadir etiqueta
Sen Etiquetas, Sexa o primeiro en etiquetar este rexistro!

MARC

LEADER 00000nam a2200000 a 4500
001 UCI3557
003 CL-VaPUC
005 20211109074537.0
008 071109e20070000uy 1 spa d
020 |a 9708110507 
082 0 4 |a 343.056  |b INS  |2 21 
110 2 |a Instituto Interamericano de Fronteras y Aduanas  |e author  |9 621085 
245 1 0 |a Memorias del segundo encuentro Iberoamericano de derecho aduanero: la cooperación para el desarrollo, la integración económica y la seguridad internacional 
250 |a 1a. ed 
260 |a Montevideo  |b IIFA  |c 2007 
300 |a 256 p 
583 |a last modification  |c 20190828 10:05:13  |k Rodrigo Vera 
650 0 0 |a Derecho aduanero  |9 324531 
650 0 0 |a Debido proceso  |9 520518 
650 0 7 |a JUICIO ADUANERO  |2 CL-VaPUC  |9 621086 
650 0 7 |a CODIGO ADUANERO  |2 CL-VaPUC  |9 578825 
650 0 7 |a EXPORTACIONES  |2 CL-VaPUC  |9 255382 
650 0 7 |a IMPORTACIONES  |2 CL-VaPUC  |9 359079 
650 0 7 |a COMERCIO INTERNACIONAL  |2 CL-VaPUC  |9 621087 
942 |c BK 
945 |a jtorresc  |d 20071109 00:00:00 
546 |a En Español 
536 |a Instituto Interamericano de Fronteras y Aduanas 
518 |p Encuentro Iberoamericano de Derecho aduanero, 2, Montevideo, 25 y 26 de Mayo de 2006 
999 |c 384304  |d 384302 
952 |0 0  |1 0  |4 0  |6 343_056000000000000_INS_2007  |7 0  |8 A  |9 506951  |a BIBDER  |b BIBDER  |d 2020-01-23  |i 4386361  |o 343.056 INS 2007  |p 4386361  |r 2023-01-25  |w 2020-01-23  |y BK  |k DER